• 首页
  • 本馆介绍
  • 公告通知
  • 最新文献
  • 馆藏检索
  • 电子资源
  • 读者导购
  • 参考咨询
  • 我的图书馆
  • 登录
  • 详细信息显示
  • 放入我的书架
  • 预约/预借图书
  • 作者相关作品
  • 分类相关作品
  • 丛书相关作品
  • 出版社相关作品

书目信息

  • 表格格式
  • 工作单格式
  • 卡片格式
书名: Peace of mind in earthquake country
作者: Foreword by Charles F. Richter. Drawings by Robert Higginbotham.
分册号:
分册名:
出版地: San Francisco :
 
出版社: Chronicle Books
出版时间: [1974].
页数: 304 p. :
开本: 23 cm.
丛书名:
中图分类号:
科图分类号:
其他分类号: P315
主题词:
电子资源:
000 00902cam a2200277 450
001 E0762643655
005 20070506172736.85
008 740416s1974 caua 000 0 eng
010    @a74007406
020    @a0877010501.
035    @A(DLC) 74007406
040    @aDLC@cDLC@dDLC
043    @an-usp--
050 00 @aTH1095@b.Y36
082 00 @a693.8/52/0978
090    @aP315
099    @dP315@ex36
100 1  @aYanev, Peter I.,@d1946-
245 10 @aPeace of mind in earthquake country :@bhow to save your home and life / @cForeword by Charles F. Richter. Drawings by Robert Higginbotham.
260    @aSan Francisco :@bChronicle Books,@c[1974].
300    @a304 p. :@billus. ;@c23 cm.
650  0 @aDwellings@zWest (U.S.)
650  0 @aBuildings@xEarthquake effects.
906    @a7@bcbc@corignew@d1@eocip@f19@gy-gencatlg
985    @fna20 9/11/89
991    @bc-GenColl@hTH1095@i.Y36@tCopy 1@wBOOKS
    
    Peace of mind in earthquake country : : how to save your home and life / / Foreword by Charles F. Richter. Drawings by Robert Higginbotham.-San Francisco : : Chronicle Books, , [1974].
    304 p. : : illus. ; ; 23 cm.
    
    
    ISBN 0877010501.
    
●
相关链接 在E读中查询图书 在五车中查询图书 在当当中查询图书 在豆瓣中查询图书


正题名:Peace of mind in earthquake country     索取号:P315/x36         预约/预借

序号 登录号 条形码 馆藏地/架位号 状态 备注
1 0007673   300076735   第二样本阅览室/ [索取号:P315/x36] 在馆    
唐山师范学院图书馆 欢迎您!
大连网信软件有限公司© 版权所有